Detalles MARC
| 000 -ENCABEZADO |
| Número de control [NR] |
01463nam a2200229Ia 4500 |
| 008 - DE LONGITUD FIJA DE DATOS DE ELEMENTOS - INFORMACIÓN GENERAL |
| Elementos de longitud fija [NR] |
130821s1998 xxu gs spa |
| 040 ## - FUENTE DE CATALOGACION [NR] |
| Agencia de catalogación original [NR] |
Co-BoUCM |
| Idioma de catalogación [NR] |
spa |
| 041 00 - CODIGO DE IDIOMA [R] |
| Código de idioma para texto/pista de sonido o título separado [R] |
Español |
| 092 ## - SIGNATURA TOPOGRAFICA LOCAL |
| Número de clasificación local |
DVD 0653 |
| 245 12 - MENCION DE TITULO [NR] |
| Título [NR] |
Acivil action |
| Mención de responsabilidad, etc. [NR] |
[DVD] |
| -- |
Direcotr Steven Zaillian |
| 260 ## - PUBLICACION, DISTRIBUCION, ETC. (PIE DE IMPRENTA) [R] |
| Lugar de publicación, distribución, etc. [R] |
[Estados Unidos] :Paramount Pictures / Touchstone Pictures |
| Nombre del editor, distribuidor, etc. [R] |
[Editorial desconocida] |
| Fecha de publicación, distribución, etc. [R] |
1998 |
| 300 ## - DESCRIPCION FISICA [R] |
| Extensión [R] |
1 DVD |
| 508 ## - NOTA DE CREDITOS DE CREACION/PRODUCCION [R] |
| Nota de créditos de creación/producción [NR] |
DIRECTOR Steven Zaillian ; GUIÓN Steven Zaillian (Novela: Jonathan Harr) ; MÚSICA Danny Elfman ; FOTOGRAFÍA Conrad L. Hall |
| 511 ## - NOTA DE PARTICIPANTE O INTERPRETE [R] |
| Nota de participante o intérprete [NR] |
John Travolta, Robert Duvall, Tony Shalhoub, William H. Macy, Zeljko Ivanek, Bruce Norris, James Gandolfini, John Lithgow, Kathleen Quinlan, Peter Jacobson, Sydney Pollack, Stephen Fry, Dan Hedaya, Paul Hewitt, Edward Herrmann, Kathy Bates, Denise Dowse, Bryan Greenberg |
| 520 ## - NOTA DE RESUMEN, ETC. [R] |
| Nota de sumario, etc. [NR] |
Ocho familias de Wobum, Massachusetts, emprenden un proceso judicial contra dos poderosas corporaciones, a las que acusan de haber contaminado el agua del pueblo con residuos químicos que han causado la muerte por leucemia a sus hijos. Un abogado especializado en lesiones, Jan Schlichtmann, se hace cargo de tan complicado caso. |
| 650 04 - ASIENTO SECUNDARIO DE MATERIA - TERMINO TEMATICO [R] |
| Término temático o nombre geográfico como elemento de entrada [NR] |
Abogados |
| Subdivisión general [R] |
Cine |
| Subdivisión de forma [R] |
DVD |
| 9 (RLIN) |
8251 |
| 650 04 - ASIENTO SECUNDARIO DE MATERIA - TERMINO TEMATICO [R] |
| Término temático o nombre geográfico como elemento de entrada [NR] |
Contaminación |
| Subdivisión general [R] |
Cine |
| Subdivisión de forma [R] |
DVD |
| 9 (RLIN) |
11756 |
| 650 04 - ASIENTO SECUNDARIO DE MATERIA - TERMINO TEMATICO [R] |
| Término temático o nombre geográfico como elemento de entrada [NR] |
Derecho |
| Subdivisión general [R] |
Cine |
| Subdivisión de forma [R] |
DVD |
| 9 (RLIN) |
7494 |
| 650 04 - ASIENTO SECUNDARIO DE MATERIA - TERMINO TEMATICO [R] |
| Término temático o nombre geográfico como elemento de entrada [NR] |
Entretenimiento |
| 9 (RLIN) |
26487 |
| 856 04 - LOCALIZACION Y ACCESO ELECTRONICOS [R] |
| Identificador Uniforme del Recurso (“URI”) [R] |
<a href="http://www.youtube.com/watch?v=fHRXGQhpib8">http://www.youtube.com/watch?v=fHRXGQhpib8</a> |
| Nota dirigida al público [R] |
Siga este vínculo para ver el trailer. |
| 942 ## - ELEMENTOS DE ENTRADA AGREGADOS (KOHA) |
| Tipo de ítem principal el descrito en 300a |
Multimedia |
| Sistema de clasificación |
LOCAL |
| Tema principal |
Entretenimiento |
| Edición |
1 |